|
|
|
|
| LEADER |
00000cam a22000004a 4500 |
| 001 |
musev2_5072 |
| 003 |
MdBmJHUP |
| 005 |
20230905040617.0 |
| 006 |
m o d |
| 007 |
cr||||||||nn|n |
| 008 |
050629s2006 nyu o 00 0 eng d |
| 010 |
|
|
|z 2005018665
|
| 020 |
|
|
|a 9780791481691
|
| 020 |
|
|
|z 0791467570
|
| 020 |
|
|
|z 9780791467572
|
| 035 |
|
|
|a (OCoLC)74710340
|
| 040 |
|
|
|a MdBmJHUP
|c MdBmJHUP
|
| 050 |
0 |
4 |
|a BX4827.A47
|b A3 2006
|
| 082 |
0 |
|
|a 230/.092
|a B
|2 22
|
| 100 |
1 |
|
|a Altizer, Thomas J. J.
|
| 245 |
1 |
0 |
|a Living the Death of God :
|b A Theological Memoir /
|c Thomas J.J. Altizer ; foreword by Mark C. Taylor.
|
| 264 |
|
1 |
|a Albany :
|b State University of New York Press,
|c 2006.
|
| 264 |
|
3 |
|a Baltimore, Md. :
|b Project MUSE,
|c 2012
|
| 264 |
|
4 |
|c ©2006.
|
| 300 |
|
|
|a 1 online resource (210 pages).
|
| 336 |
|
|
|a text
|b txt
|2 rdacontent
|
| 337 |
|
|
|a computer
|b c
|2 rdamedia
|
| 338 |
|
|
|a online resource
|b cr
|2 rdacarrier
|
| 500 |
|
|
|a Includes index.
|
| 504 |
|
|
|a Includes bibliographical references and index.
|
| 505 |
0 |
|
|a The calling -- New York -- Epic theology -- Initiation -- Holocaust -- Art -- Yes -- Crucifixion -- Ethics -- Predestination -- Prayer -- Absolute abyss -- Apocalypse.
|
| 588 |
|
|
|a Description based on print version record.
|
| 600 |
1 |
0 |
|a Altizer, Thomas J. J.
|
| 650 |
|
0 |
|a Death of God theology.
|
| 650 |
|
0 |
|a Christian biography.
|
| 655 |
|
7 |
|a Electronic books.
|2 local
|
| 710 |
2 |
|
|a Project Muse.
|e distributor
|
| 830 |
|
0 |
|a Book collections on Project MUSE.
|
| 856 |
4 |
0 |
|z Texto completo
|u https://projectmuse.uam.elogim.com/book/5072/
|
| 945 |
|
|
|a Project MUSE - Custom Collection
|
| 945 |
|
|
|a Project MUSE - Archive Complete Foundation
|
| 945 |
|
|
|a Project MUSE - Archive Philosophy and Religion Foundation
|